| 000 | 00675nam a2200205Ia 4500 | ||
|---|---|---|---|
| 003 | GCL | ||
| 008 | 140319s9999 xx 000 0 eng d | ||
| 020 | _a0871137097 | ||
| 040 |
_aGCL / _cGCL |
||
| 082 | 0 | 4 |
_a338.76 _bQ S |
| 100 | 1 | _aSLATER, MICHAEL | |
| 245 | 1 | 0 |
_aSPEEDING THE NET : _bTHE INSIDE STORY OF NETSCAPE AND HOW IT CHALLENGED MICROSOFT / _cSLATER, MICHAEL |
| 700 | 1 | _aQUITTNER, JOSHUA | |
| 260 |
_aنيويورك : _bATLANTIS KERLAG ، _c1998 |
||
| 300 |
_a24 CM ؛ _c323 P |
||
| 650 | 0 | 4 | _aNETSCAPE COMMUNICATIONS COOPERATION - HISTORY |
| 650 | 0 | 4 | _aMICROSOFT CORPORATION - HISTORY |
| 650 | 0 | 4 | _aINTERNET SOFTWARE INDUSTRY - U.S - HISTORY |
| 942 |
_2ddc _cBK |
||
| 999 |
_c4774 _d4774 |
||